000 01506nam0a2200337 4500
001 RU\NLR\bibl\1347935
005 20260406134606.0
010 _a978-5-392-00665-6
_95000
021 _aRU
_b2009-6042
_9346
035 _a(NLR Aleph) 001333047
090 _a812650
_c812650
100 _a20090328d2009 |||y0rusy50 ca
101 0 _arus
102 _aRU
105 _aa |||||||||
200 1 _aОсновы курса истории России
_eучебник
_fА.С. Орлов, А.Ю. Полунов, Ю.Я. Терешенко
_gМГУ им. М.В. Ломоносова, Ист. фак.
205 _aИзд. 2-е, перераб. и доп.
210 _aМосква
_cПроспект
_d2009
215 _a576 с.
_cил.
_d22
607 _aРоссия
_jУчебники для высших учебных заведений
_xИстория
_91554184
_3RU\NLR\auth\66979780
686 _aТ3(2)я73
700 1 _4070
_8rus
_7ca
_aОрлов
_bА. С.
_cканд. ист. наук, история России
_f1938 -
_gАлександр Сергеевич
_3RU\NLR\auth\772328
_9112343
701 1 _4070
_aПолунов
_bА. Ю.
_cд-р ист. наук
_f1966-
_gАлександр Юрьевич
_9133202
_3RU\NLR\AUTH\770133236
701 1 _aТерещенко
_bЮ. Я.
_gЮрий Яковлевич
_4070
801 0 _aRU
_bNLR
_c20090328
_gRCR
801 1 _aRU
_bNLR
_c20090328
830 _aавт. по кн.
942 _cBOOK
980 _aNB